Asesinaron a un alma indomable/
Kaydedildi:
| Yazar: | |
|---|---|
| Materyal Türü: | Kitap |
| Dil: | Spanish |
| Etiketler: |
Etiketle
Etiket eklenmemiş, İlk siz ekleyin!
|
MARC
| LEADER | 00000nam a22000007a 4500 | ||
|---|---|---|---|
| 003 | cru CIDCACS/IIS | ||
| 005 | 20181101062530.0 | ||
| 007 | ta | ||
| 008 | 181031s2016 uy |||p|r||||||0| ||spa|d | ||
| 999 | |c 41859 |d 41859 | ||
| 040 | |c cru CIDCACS/IIS | ||
| 100 | 1 | |a Trucchi, Giorgio |9 5913 | |
| 245 | 1 | |a Asesinaron a un alma indomable/ |c Giorgio Trucchi | |
| 300 | |a páginas 28-29: |b foto | ||
| 773 | 0 | |0 41050 |9 1917 |a Red de Ecología Social (Uruguay) |d Uruguay: REDES-AT; GRAIN |o 18893 |t Biodiversidad: |x 07977888X | |
| 942 | |2 ddc |c PP | ||
